MARC
| LEADER | 00000cam a2200000 7i4500 | ||
|---|---|---|---|
| 001 | 0000002282 | ||
| 002 | 000002485 | ||
| 005 | 20000330.0 | ||
| 020 | |a 9836239081 | ||
| 090 | 0 | 0 | |a 910 |b PEN |
| 245 | 0 | 0 | |a Pengantar geografi |c Chan Ngei Weng et. al |
| 260 | |a Kuala Lumpur : |b DBP , |c 1993 | ||
| 300 | |a 178p. ; |c 20cm. | ||
| 650 | 0 | 0 | |a Geography |
| 999 | |a 035725 |b BUKU |c PINJAMAN |e PERPUSTAKAAN KOMUNITI PETALING JAYA | ||
| 999 | |a 035726 |b BUKU |c PINJAMAN |e PERPUSTAKAAN KOMUNITI PETALING JAYA | ||